00675 2200229 4500001002100000005001700021008004100038020001800079035002400097090002300121100002400144245008400168250001100252260004100263300002400304500003100328650002600359700002100385850001200406985000600418999002100424YOGYA-0209000004575720090227030924.0 ind  a979-98156-5-7 0010-020900000045757 a297.65bSho MlDEP aSHOLEH, H.A. Rosyad aManajemen dakwah MuhammadiyahcH.A. Rosyad Sholeh ; penyunting, M. Muchlas Roni aCet. 2 aYogyakartabSuara Muhammadiyahc2005 axii, 226 hlmc21 cm aBibliografi : hlm. 217-222 aMuhammadiyah - Dakwah aRoni, M. Mukhlas aYOPDYOG a1 a2005-853hCB-D.11